[Event "Navarra-ch"]
[Site "Pamplona"]
[Date "2017.04.29"]
[Round "5"]
[White "Martin Fito, Angel Luis"]
[Black "Huarte Zozaya, Aitor"]
[Result "0-1"]
[WhiteElo "1607"]
[BlackElo "1789"]
[PlyCount "94"]
[EventDate "2017.03.11"]
[EventType "swiss"]
[EventRounds "7"]
[EventCountry "ESP"]
[SourceTitle "EXT 2018"]
[Source "ChessBase"]
[SourceDate "2017.10.13"]
[SourceVersion "1"]
[SourceVersionDate "2017.10.13"]
[SourceQuality "1"]

1. d4 Nf6 2. Bg5 Ne4 3. Bh4 c5 4. f3 Qa5+ 5. c3 Nf6 6. d5 d6 7. e4 Nbd7 8. Nd2 b5 9. f4 Bb7 10. Ngf3 g6 11. Bd3 Bg7 12. 0-0 0-0 13. Qe2 a6 14. Ng5 Qc7 15. Rae1 Nb6 16. Ndf3 Bc8 17. Bg3 h6 18. Nh3 Bxh3 19. gxh3 Nh5 20. Qg2 Qd7 21. Nh4 a5 22. Be2 Nf6 23. Kh1 Ne8 24. Bg4 Qb7 25. Rg1 b4 26. cxb4 axb4 27. b3 Qa6 28. Re2 Kh8 29. Bf2 Nf6 30. Bf3 Rg8 31. Rc2 Nbd7 32. Re1 Nh7 33. Bg3 Nb6 34. e5 Nf8 35. exd6 exd6 36. Re7 Ra7 37. Rce2 Bf6 38. Re8 c4 39. bxc4 Qxc4 40. Rc2 Qb5 41. Bf2 Qxe8 42. Bxb6 Qe1+ 43. Qg1 Qxg1+ 44. Bxg1 Ra3 45. f5 Bxh4 46. fxg6 Rxf3 47. Kg2 Rf5 0-1